000 00455nam a22001577a 4500
003 NUST - PNEC
005 20170116181106.0
008 151003b xxu||||| |||| 00| 0 eng d
040 _cLIBRARY
082 _a621.38195733 SIG
100 _912668
_aSignetics Corporation
245 _aBipolar & MOS memory data manual 1980
_cSignetics Corporation
260 _c1980
650 _912669
_aElectronic analog computers--Memory systems
_xMIS
942 _2ddc
_cBK
999 _c68953
_d68953